Guess the Celebrity by their Picture #4 - Statistics

General Stats
  • This quiz has been taken 74 times
  • The average score is 3 of 15
Answer Stats
Picture Answer % Correct
Ellie Goulding
54%
Ewan McGregor
38%
Amy Schumer
37%
Elle Fanning
35%
Harriet Tubman
34%
Oscar Isaac
31%
James McAvoy
28%
Calum Worthy
13%
Frankie Muniz
11%
Eliza Taylor
8%
Evanna Lynch
8%
Anthony Daniels
3%
Jane Kaczmarek
3%
Tessa Netting
3%
Jane Kurkowski
0%
No matching quizzes found
Score Distribution
Percent of People with Each Score
Percentile by Number Answered
Your Score History
You have not taken this quiz